00391 2200157 4500001002100000008004100021020002200062035002000084082000800104084001400112100001400126245003400140260002500174300002200199990001200221INLIS000000000002761 IND  a978-602-7735-47-7 a0010-0925000108 a813 a813 MH. c aMh. Putra aAnak Berhati SurgacMh. Putra aJakartabZettuc2013 a200c(13 x 19 cm) a0754983